000 00383nam a2200145Ia 4500
005 20260328101458.0
008 260328s9999||||xx |||||||||||||| ||und||
100 _aArnulfo Angel, Miguel
245 0 _aLa Ciudad Contra el Castillo /
_cMiguel Arnulfo Angel
250 _a1a ed.
260 _bUniversidad Autónoma Metropolitana
300 _a137 p.
650 _aCIUDAD
942 _cBK
999 _c8896
_d8896